เปลี่ยนเป็นภาษาไทย

Change to English
 แสดงรายละเอียดบรรณานุกรม
  กลับหน้าหลัก

Brief Record : Get Marc (ISO 2709) : E-mail record : QR code ปิดหน้าต่าง
LEADER 00000nam 2200000uu 4500
001    17274
003     ULIBM
008    020711s2554 th a 000 0 tha d
020    978-974-296-731-4
100    พงษ์เกษม ไข่มุกด์
245    10 โรคน่ารู้ทางจิตเวช
250    พิมพ์ครั้งที่ 2
260    กทม. :^bร้านพุ่มทอง,^c2554
300    84 หน้า
รายการนี้ยังไม่มีแท็ก
คุณยังไม่ได้ล็อกอิน คุณสามารถมีกิจกรรมร่วมกับเว็บไซต์ได้ แต่ต้องล็อกอินก่อน ::
  ล็อกอิน
ลำดับที่ ประเภท เลขเรียก/บาร์โค้ด สถานที่ สถานะ
1. หนังสือ
หนังสือ
2554 c.1 
  Barcode: 0002602
หนังสือทั่วไป On Shelf
   [แสดง 1/1 รายการ]

BibComment


ยังไม่เคยถูกคอมเมนท์

คอมเมนท์ทรัพยากรรายการนี้
  คอมเมนท์: 10 โรคน่ารู้ทางจิ..
Bib 17274


 Union Library Management : ULibM
Copyright 2026. All Rights Reserved.